| 000 | 003120000a22001090004500 | ||
|---|---|---|---|
| 090 |
_aAR _b04514 |
||
| 100 | 1 |
_aStiles, F. Gary _9877 |
|
| 245 | 1 | 0 | _aEffects of a severe drought on the population biology of a tropical hummingbird |
| 041 | 0 | _aEspaƱol | |
| 942 | _cARTICULO | ||
| 773 | 1 |
_tEcology _h4 _q1375-1390 _d1992 _g73 |
|
| 999 |
_c13613 _d13613 |
||